000 00349nam a2200097Ia 4500
008 220120s9999||||xx |||||||||||||| ||und||
100 _aSuthan c b, varshitha bojamma, bopanna c a
_912753
245 0 _aAndroid based government complaint and work tracking applica
260 _aCoorg Institute of Technology
_bPonnampet
_c2019
650 _aCOMPUTER SCIENCE
999 _c138353
_d138353